NBA Top 100 Scorers of All Time - Statistics

General Stats
  • This quiz has been taken 123 times
  • The average score is 63 of 100
Answer Stats
Rank Total Points Years Teams Position Answer % Correct
1. 42,184 2003-present CLE, MIA, CLE, LAL SF LeBron James
98%
2. 38,387 1969-1989 MIL, LAL C Kareem Abdul-Jabbar
97%
5. 32,292 1984-1993; 1994-1998; 2001-2003 CHI, WAS SG Michael Jordan
97%
6. 31,560 1998-2019 DAL PF Dirk Nowitzki
96%
3. 36,928 1985-2004 UTA, LAL PF Karl Malone
96%
4. 33,643 1996-2016 LAL SG Kobe Bryant
96%
8. 30,571 2007-2019; 2020-present SEA, OKC, GSW, BRK, PHX SF Kevin Durant
95%
10. 29.580 1974-1995 UTS, SSL, BUF, HOU, PHI, WSB, ATL, MIL, PHI, SAS C Moses Malone
94%
31. 25,192 1960-1974 LAL PG Jerry West
93%
7. 31,419 1959-1973 PHW, SFW, PHI, LAL C Wilt Chamberlain
93%
11. 28,596 1992-2011 ORL, LAL, MIA, PHX, CLE, BOS C Shaquille O'Neal
92%
27. 25,386 2009-present GSW PG Stephen Curry
90%
12. 28,289 2003-2022 DEN, NYK, OKC, HOU, POR, LAL SF Carmelo Anthony
88%
16. 26,946 1984-2002 HOU, TOR C Hakeem Olajuwon
88%
13. 27,687 2009-present OKC, HOU, BRK, PHI, LAC SG James Harden
88%
23. 26,205 2008-present OKC, HOU, WAS, LAL, LAC, DEN PG Russell Westbrook
88%
45. 21,791 1979-1992 BOS SF Larry Bird
87%
9. 30,026 1971-1987 VIR, NYA, PHI SF Julius Erving
85%
20. 26,496 1997-2016 SAS PF Tim Duncan
85%
80. 18,433 2011-present CLE, BOS, BRK, DAL PG Kyrie Irving
84%
90. 17,707 1979-1991; 1995-1996 LAL PG Magic Johnson
84%
36. 23,757 1984-2000 PHI, PHX, HOU PF Charles Barkley
83%
59. 19,591 1989-2007 POR, PHX, DET, GSW, NJN PF Clifford Robinson
82%
50. 20,790 1989-2003 SAS C David Robinson
82%
34. 24,505 1996-2014 MIL, SEA, BOS, MIA SG Ray Allen
82%
35. 24,368 1996-2010 PHI, DEN, DET, MEM, PHI PG Allen Iverson
81%
39. 23,165 2003-2019 MIA, CHI, CLE, MIA SG Dwayne Wade
81%
66. 19,202 1981-1994; 1995-1999 KCK, SAC, PHX, SEA, CHH, IND, HOU SF Eddie Johnson
81%
54. 20,407 2001-2018; 2021-2022 BOS, PHX, ATL, BRK, MIA, UTA, HOU, BOS SG Joe Johnson
81%
24. 26,071 1995-2016 MIN, BOS, BRK, MIN PF Kevin Garnett
81%
17. 26,710 1960-1974 CIN, MIL PG Oscar Robertson
81%
25. 25,728 1998-2020 TOR, NJN, ORL, PHX, DAL, MEM, SAC, ATL SG Vince Carter
80%
41. 23,011 2005-present NOK, NOH, LAC, HOU, OKC, PHX, GSW, SAS PG Chris Paul
79%
33. 24,815 1985-2002 NYK, SEA, ORL C Patrick Ewing
79%
21. 26,397 1998-2017 BOS, BRK, WAS, LAC SF Paul Pierce
79%
57. 19,711 1984-2003 UTA PG John Stockton
78%
25,279 1987-2005 IND SG Reggie Miller
77%
43. 22,195 1983-1998 POR, HOU SG Clyde Drexler
76%
52. 20,538 2013-present MIL PF Giannis Antetokounmpo
76%
22. 26,395 1962-1978 BOS SF John Havlicek
76%
71. 18,940 1987-2004 CHI, HOU, POR, CHI SF Scottie Pippen
75%
42. 22,598 2012-present POR, MIL PG Damian Lillard
74%
48. 20,894 2001-2019 MEM, LAL, CHI, SAS, MIL PF Pau Gasol
74%
37. 23,334 1976-1997 GSW, BOS, CHH, CHI C Robert Parish
73%
44. 21,813 1990-2007 SEA, MIL, LAL, BOS, MIA PG Gary Payton
72%
18. 26,668 1982-1995; 1996-1997; 1998-1999 ATL, LAC, BOS, SAS, ORL SF Dominique Wilkins
71%
40. 23,149 1958-1972 MNL, LAL SF Elgin Baylor
71%
88. 17,772 1960-1975 STL, SEA, CLE, POR PG Lenny Wilkens
71%
28. 25,292 2009-present TOR, SAS, CHI, SAC SG DeMar DeRozan
70%
99. 17,387 1996-2014 PHX, DAL, PHX, LAL PG Steve Nash
70%
70. 18,978 2012-present NOH, NOP, LAL, DAL PF Anthony Davis
69%
61. 19,485 2004-2022 ORL, LAL, HOU, ATL, CHO, WAS, LAL, PHI, LAL C Dwight Howard
69%
74. 18,822 1981-1994 DET PG Isiah Thomas
69%
60. 19,521 1977-1992 PHX, DEN, POR, DEN SG Walter Davis
69%
95. 17,529 1994-2013 DAL, PHX, NJN, DAL, NYK PG Jason Kidd
67%
100. 17,335 1980-1993 BOS PF Kevin McHale
67%
62. 19,473 2001-2019 SAS, CHO PG Tony Parker
67%
26. 25,613 1976-1991 MIL, IND, DEN, DAL SF Alex English
66%
19. 26,595 1972-1986 VIR, SAA, SAS, CHI SF George Gervin
66%
29. 25,279 1965-1967; 1968-1980 SFW, OAK, WSA, NYA, GSW, HOU SF Rick Barry
66%
49. 20,880 1954-1965 MLH, STL PF Bob Pettit
65%
81. 18,381 1997-2012 TOR, ORL, HOU, NYK, DET, ATL SG Tracy McGrady
65%
76. 18,697 2010-present IND, OKC, LAC, PHI SF Paul George
64%
15. 27,313 1968-1984 SDR, HOU, BAL, CAP, WSB, HOU PF Elvin Hayes
62%
75. 18,787 1972-1986 BUF, NYK, BOS, DET, NJN, LAL, PHI C Bob McAdoo
58%
87. 17,911 1985-2001 GSW, IND, GSW SF Chris Mullin
58%
51. 20,558 2006-2022 POR, SAS, BRK PF LaMarcus Aldridge
58%
96. 17,517 2008-present NJN, BRK, LAL, MIL C Brook Lopez
52%
79. 18,438 1949-1964 SYR, PHI PF Dolph Schayes
51%
38. 23,177 1976-1991 BUF, IND, LAL, UTA, DET, DAL, MIL SF Adrian Dantley
50%
58. 19,655 1977-1985; 1986-1991; 1992-1993 NJN, UTA, GSW, NYK, WSB, NJN SF Bernard King
50%
53. 20,497 1988-2002 GSW, SAC, WAS, LAL SG Mitch Richmond
46%
77. 18,578 2001-2018 POR, NYK, LAC, MEM, SAC PF Zach Randolph
45%
46. 21,586 1958-1973 SYR, PHI SG Hal Greer
42%
32. 24,941 1971-1988 KEN, CHI, SAS, CHI, BOS C Artis Gilmore
41%
78. 18,458 1981-1994 DAL, DET, LAC SF Mark Aguirre
41%
83. 18,327 1966-1978 DET, WSB, BOS PG Dave Bing
40%
91. 17,700 1999-2015 PHX, MIA, TOR, DAL, CLE SF Shawn Marion
40%
65. 19,248 1970-1984 DET, MIL C Bob Lanier
36%
97. 17,454 1967-1980 BAL, NYK SG Earl Monroe
36%
73. 18,831 1962-1975 SYR, PHI, CHI SF Chet Walker
34%
14. 27,482 1970-1985 KEN, DNA, DEN C Dan Issel
34%
72. 18,881 1999-2018 ATL, DAL, BOS, BRK, HOU, MIL SG Jason Terry
34%
55. 20,049 1981-1995; 1996-1998 SDC, SEA, PHX, UTA, CHH, PHI PF Tom Chambers
34%
64. 19,419 2000-2020 CHI, NYK, GSW, ATL, POR, LAC, MIN, PHX, BRK SG Jamal Crawford
33%
82. 18,336 1989-2004 MIA, CHH, LAL, NYK, HOU, LAC SF Glen Rice
32%
67. 19,181 1965-1979 LAL, PHX, LAL, NOJ SG Gail Goodrich
31%
56. 20,042 1998-2014 GSW, DAL, WAS, CLE, LAL, LAC PF Antawn Jamison
29%
93. 17,623 1981-1994 DAL, NYK SG Rolando Blackman
28%
92. 17,642 2006-2023 MEM, TOR, SAC, SAS, UTA SF Rudy Gay
28%
47. 20,941 1961-1975 CHP, CHZ, BAL, NYK, DET, ATL, NOJ C Walt Bellamy
28%
69. 19,004 1983-2000 DAL, SEA, MIL, SAS, DEN, SEA, MIL, CHH SG Dale Ellis
27%
84. 17,955 1975-1988 PHI, SDC, GSW, CLE, PHI, HOU SG World B. Free
24%
85. 17,949 1970-1983 SDR, HOU PG Calvin Murphy
17%
68. 19,015 1978-1991 CHI, KCK, SAC, ATL, ORL, NJN SG Reggie Theus
17%
63. 19,460 1982-2000 SDC, MIL, SAS, MIL, SEA, PHI, NYK, GSW PF Terry Cummings
16%
86. 17,940 1966-1979 STL, ATL, LAL SG Lou Hudson
14%
94. 17,600 1984-2001 KCK, SAC, HOU, POR, DET, VAN, SAC, WAS, MIA, CHH PF Otis Thorpe
14%
89. 17,770 1959-1971 DET, BAL, BOS, PHI PF Bailey Howell
6%
98. 17,437 1968-1981 DLC, TEX, UTS, SSL, KCK, LAL, UTA SG Ron Boone
2%
No matching quizzes found
Score Distribution
Percent of People with Each Score
Percentile by Number Answered
Your Score History
You have not taken this quiz